[Event "Russian Women's Higher League 2021"]
[Site "?"]
[Date "2021.06.27"]
[Round "2.8"]
[White "Zherebtsova, Alexandra"]
[Black "Gritsayeva, Oksana"]
[Result "1/2-1/2"]
[WhiteElo "2155"]
[BlackElo "2332"]
[Annotator ""]
[Source ""]
[Remark ""]

1.d4 {[%clk 1:30:57]} g6 {[%clk 1:30:42]} 2.c4 {[%clk 1:30:52]}
Bg7 {[%clk 1:31:07]} 3.e4 {[%clk 1:30:14]} d6 {[%clk 1:28:46]}
4.Nc3 {[%clk 1:28:51]} Nc6 {[%clk 1:26:00]} 5.Be3 {[%clk 1:26:33]}
e5 {[%clk 1:25:31]} 6.d5 {[%clk 1:26:50]} Nce7 {[%clk 1:23:05]}
7.g4 {[%clk 1:18:12]} f5 {[%clk 1:18:47]} 8.f3 {[%clk 1:06:50]}
Bh6 {[%clk 1:14:29]} 9.g5 {[%clk 0:57:49]} f4 {[%clk 1:11:37]}
10.gxh6 {[%clk 0:51:53]} fxe3 {[%clk 1:11:59]} 11.Qe2 {[%clk 0:50:22]}
Nxh6 {[%clk 1:09:37]} 12.Qxe3 {[%clk 0:47:50]} Nf7 {[%clk 1:07:13]}
13.h4 {[%clk 0:42:36]} c6 {[%clk 1:04:56]} 14.O-O-O {[%clk 0:40:42]}
cxd5 {[%clk 0:59:43]} 15.cxd5 {[%clk 0:40:52]} Bd7 {[%clk 0:57:57]}
16.Bh3 {[%clk 0:37:35]} b5 {[%clk 0:55:23]} 17.Kb1 {[%clk 0:34:59]}
Nc8 {[%clk 0:46:44]} 18.Be6 {[%clk 0:27:49]} Nb6 {[%clk 0:44:15]}
19.Nh3 {[%clk 0:25:12]} Nc4 {[%clk 0:42:49]} 20.Bxf7+ {[%clk 0:16:04]}
Kxf7 {[%clk 0:43:13]} 21.Ng5+ {[%clk 0:15:16]} Kg7 {[%clk 0:38:50]}
22.Qe2 {[%clk 0:13:14]} Qf6 {[%clk 0:34:38]} 23.Ne6+ Bxe6 {[%clk 0:32:40]}
24.dxe6 {[%clk 0:08:57]} Qxe6 {[%clk 0:32:25]} 25.h5 {[%clk 0:08:20]}
Rhf8 {[%clk 0:27:55]} 26.hxg6 {[%clk 0:05:49]} hxg6 {[%clk 0:28:09]}
27.Nxb5 {[%clk 0:04:10]} Rab8 {[%clk 0:25:28]} 28.Rd5 {[%clk 0:04:18]}
Rfc8 {[%clk 0:23:27]} 29.Rc1 {[%clk 0:03:43]} Rc5 {[%clk 0:16:39]}
30.Rxc5 {[%clk 0:01:26]} dxc5 {[%clk 0:17:04]} 31.Rxc4 {[%clk 0:00:37]}
Rxb5 {[%clk 0:17:28]} 32.Rc1 {[%clk 0:00:51]} Qb6 {[%clk 0:11:29]}
33.Qh2 {[%clk 0:00:47]} Qd6 {[%clk 0:09:06]} 34.Rh1 {[%clk 0:00:58]}
Rb8 {[%clk 0:07:41]} 35.Qh7+ {[%clk 0:01:19]} Kf6 {[%clk 0:05:53]}
36.Qxa7 {[%clk 0:01:02]} Qd3+ {[%clk 0:03:57]} 37.Ka1 {[%clk 0:01:28]}
Qxf3 {[%clk 0:03:37]} 38.Rc1 {[%clk 0:01:38]} Rh8 {[%clk 0:01:18]}
39.Qb6+ {[%clk 0:01:30]} Kf7 {[%clk 0:00:40]} 40.Qc7+ {[%clk 0:31:29]}
Ke6 {[%clk 0:30:37]} 41.Qc6+ {[%clk 0:24:00]} Kf7 {[%clk 0:28:22]}
42.Qd5+ {[%clk 0:22:20]} Kf6 {[%clk 0:27:19]} 43.Qd6+ {[%clk 0:12:10]}
Kf7 {[%clk 0:27:12]} 44.Rg1 Rh1 1/2-1/2

[Event "Russian Women's Higher League 2021"]
[Site "?"]
[Date "2021.06.27"]
[Round "2.9"]
[White "Nasyrova, Ekaterina"]
[Black "Ovod, Evgenija"]
[Result "1/2-1/2"]
[WhiteElo "2149"]
[BlackElo "2322"]
[Annotator ""]
[Source ""]
[Remark ""]

1.c4 {[%clk 1:30:54]} e6 {[%clk 1:30:53]} 2.d4 {[%clk 1:31:15]}
d5 {[%clk 1:31:11]} 3.Nf3 {[%clk 1:31:32]} Nf6 {[%clk 1:31:30]}
4.Nc3 {[%clk 1:31:42]} c5 {[%clk 1:31:52]} 5.cxd5 {[%clk 1:31:36]}
Nxd5 {[%clk 1:32:10]} 6.e3 {[%clk 1:31:40]} Nc6 {[%clk 1:29:26]}
7.Bd3 {[%clk 1:30:27]} Be7 {[%clk 1:28:26]} 8.O-O {[%clk 1:29:30]}
O-O {[%clk 1:27:39]} 9.Qe2 {[%clk 1:27:23]} b6 {[%clk 1:05:50]}
10.Rd1 {[%clk 1:25:10]} cxd4 {[%clk 0:56:39]} 11.exd4 {[%clk 1:24:20]}
Ncb4 {[%clk 0:56:54]} 12.Nxd5 {[%clk 1:14:53]} Nxd5 {[%clk 0:38:28]}
13.Qe4 {[%clk 1:07:55]} f5 {[%clk 0:38:52]} 14.Qe2 {[%clk 1:07:08]}
Bf6 {[%clk 0:39:18]} 15.Bb5 {[%clk 1:03:44]} Qd6 {[%clk 0:35:37]}
16.Bd2 {[%clk 0:53:17]} Bb7 {[%clk 0:33:47]} 17.Rac1 {[%clk 0:49:07]}
a6 {[%clk 0:26:00]} 18.Ba4 {[%clk 0:47:03]} Rac8 {[%clk 0:26:08]}
19.a3 {[%clk 0:36:51]} Rxc1 {[%clk 0:15:35]} 20.Rxc1 {[%clk 0:34:20]}
Rc8 {[%clk 0:15:56]} 21.Re1 {[%clk 0:33:09]} b5 {[%clk 0:15:09]}
22.Bb3 {[%clk 0:33:20]} Re8 {[%clk 0:15:31]} 23.Bg5 {[%clk 0:24:15]}
Re7 {[%clk 0:06:58]} 24.Bd2 {[%clk 0:06:08]} h6 {[%clk 0:06:39]}
25.Ne5 {[%clk 0:05:40]} Bxe5 {[%clk 0:04:58]} 26.Qxe5 {[%clk 0:06:01]}
Qxe5 {[%clk 0:04:06]} 27.Rxe5 {[%clk 0:06:18]} Kf7 {[%clk 0:03:33]}
28.Ba5 {[%clk 0:04:02]} Rd7 {[%clk 0:03:09]} 29.f3 {[%clk 0:02:36]}
Kf6 {[%clk 0:02:59]} 30.g3 {[%clk 0:02:00]} g5 {[%clk 0:02:38]}
31.Kf2 {[%clk 0:01:49]} Rd6 {[%clk 0:02:25]} 32.Re2 {[%clk 0:01:39]}
f4 {[%clk 0:01:54]} 33.Rc2 {[%clk 0:01:36]} Rd7 {[%clk 0:01:49]}
34.Rc5 {[%clk 0:01:09]} fxg3+ {[%clk 0:01:20]} 35.hxg3 {[%clk 0:01:28]}
Ne7 {[%clk 0:01:44]} 36.Rc7 {[%clk 0:00:43]} Rxc7 {[%clk 0:01:44]}
37.Bxc7 {[%clk 0:01:11]} Bd5 {[%clk 0:02:10]} 38.Bc2 {[%clk 0:01:05]}
Nc6 {[%clk 0:02:17]} 39.Ke3 {[%clk 0:01:13]} h5 {[%clk 0:02:10]}
40.Bd3 {[%clk 0:30:46]} h4 {[%clk 0:30:43]} 41.gxh4 {[%clk 0:22:18]}
gxh4 {[%clk 0:31:09]} 42.Bf1 {[%clk 0:22:28]} Kf7 {[%clk 0:20:52]}
43.Bh3 {[%clk 0:17:14]} Ne7 {[%clk 0:17:48]} 44.Kf4 {[%clk 0:09:52]}
Ng6+ {[%clk 0:17:46]} 45.Ke3 {[%clk 0:10:12]} Ne7 {[%clk 0:16:25]}
46.Bd8 {[%clk 0:02:45]} Nf5+ {[%clk 0:16:47]} 47.Bxf5 {[%clk 0:02:52]}
exf5 {[%clk 0:17:14]} 48.Bxh4 {[%clk 0:03:12]} a5 {[%clk 0:17:40]}
49.Bd8 {[%clk 0:01:56]} 1/2-1/2

[Event "Russian Women's Higher League 2021"]
[Site "?"]
[Date "2021.06.27"]
[Round "2.10"]
[White "Girya, Olga"]
[Black "Tochilkina, Ekaterina"]
[Result "1-0"]
[WhiteElo "2448"]
[BlackElo "1877"]
[Annotator ""]
[Source ""]
[Remark ""]

1.d4 {[%clk 1:30:59]} Nf6 {[%clk 1:30:52]} 2.c4 {[%clk 1:31:25]}
e6 {[%clk 1:31:14]} 3.Nf3 {[%clk 1:31:51]} b6 {[%clk 1:31:34]}
4.g3 {[%clk 1:32:13]} Ba6 {[%clk 1:31:32]} 5.Qc2 {[%clk 1:32:30]}
Bb4+ {[%clk 1:31:49]} 6.Bd2 {[%clk 1:32:53]} Be7 {[%clk 1:32:14]}
7.e4 {[%clk 1:32:17]} d5 {[%clk 1:32:24]} 8.cxd5 {[%clk 1:32:35]}
Bxf1 {[%clk 1:32:39]} 9.Kxf1 {[%clk 1:33:02]} exd5 {[%clk 1:32:45]}
10.e5 {[%clk 1:33:27]} Ne4 {[%clk 1:33:07]} 11.h4 {[%clk 1:33:41]}
Qd7 {[%clk 1:31:50]} 12.Kg2 {[%clk 1:33:12]} O-O {[%clk 1:30:30]}
13.Nc3 {[%clk 1:32:23]} Nxd2 {[%clk 1:30:05]} 14.Qxd2 {[%clk 1:32:42]}
Nc6 {[%clk 1:29:10]} 15.Qd3 {[%clk 1:31:39]} f5 {[%clk 1:21:21]}
16.Qb5 {[%clk 1:26:39]} Rad8 {[%clk 1:18:28]} 17.Rac1 {[%clk 1:25:26]}
Na5 {[%clk 1:12:39]} 18.Qxd7 {[%clk 1:23:26]} Rxd7 {[%clk 1:13:02]}
19.e6 {[%clk 1:16:11]} Rd6 {[%clk 1:06:46]} 20.Nb5 {[%clk 1:13:17]}
Rxe6 {[%clk 1:04:55]} 21.Nxc7 {[%clk 1:13:37]} Rd6 {[%clk 1:04:39]}
22.Nb5 {[%clk 0:59:39]} Rd7 {[%clk 1:02:39]} 23.Ne5 {[%clk 0:59:40]}
Rb7 {[%clk 1:02:21]} 24.Rc2 {[%clk 0:45:42]} f4 {[%clk 0:47:39]}
25.g4 {[%clk 0:40:12]} Bf6 {[%clk 0:39:56]} 26.Nf3 {[%clk 0:39:02]}
g6 {[%clk 0:37:36]} 27.Nc7 {[%clk 0:30:06]} Rd8 {[%clk 0:33:46]}
28.Ne6 {[%clk 0:29:26]} Re8 {[%clk 0:30:46]} 29.Nxf4 {[%clk 0:29:50]}
Re4 {[%clk 0:28:07]} 30.Nxd5 {[%clk 0:28:21]} Bxd4 {[%clk 0:26:30]}
31.Rd1 {[%clk 0:28:12]} Bh8 {[%clk 0:25:16]} 32.Rc8+ {[%clk 0:27:17]}
Kg7 {[%clk 0:25:39]} 1-0

[Event "Russian Women's Higher League 2021"]
[Site "?"]
[Date "2021.06.27"]
[Round "2.11"]
[White "Tomilova, Elena"]
[Black "Faizutdinova, Diana"]
[Result "1/2-1/2"]
[WhiteElo "2353"]
[BlackElo "2027"]
[Annotator ""]
[Source ""]
[Remark ""]

1.e4 {[%clk 1:30:57]} e5 {[%clk 1:30:46]} 2.Nf3 {[%clk 1:31:09]}
d6 {[%clk 1:31:12]} 3.d4 {[%clk 1:31:11]} exd4 {[%clk 1:31:37]}
4.Qxd4 {[%clk 1:31:02]} Nc6 {[%clk 1:30:17]} 5.Bb5 {[%clk 1:31:15]}
Bd7 {[%clk 1:29:50]} 6.Bxc6 {[%clk 1:31:30]} Bxc6 {[%clk 1:28:30]}
7.Nc3 {[%clk 1:31:42]} Nf6 {[%clk 1:24:59]} 8.Bg5 {[%clk 1:26:52]}
Be7 {[%clk 1:10:19]} 9.O-O-O {[%clk 1:24:54]} O-O {[%clk 1:06:15]}
10.h4 {[%clk 1:22:29]} Nd7 {[%clk 0:58:49]} 11.Nd5 {[%clk 1:17:19]}
f6 {[%clk 0:43:46]} 12.Be3 {[%clk 1:07:54]} Nb6 {[%clk 0:33:16]}
13.h5 {[%clk 0:57:54]} Bxd5 {[%clk 0:28:01]} 14.exd5 {[%clk 0:58:13]}
f5 {[%clk 0:28:18]} 15.Qd3 {[%clk 0:51:44]} Qd7 {[%clk 0:22:05]}
16.h6 {[%clk 0:49:22]} g6 {[%clk 0:21:46]} 17.Bg5 {[%clk 0:46:37]}
Rfe8 {[%clk 0:13:11]} 18.Rhe1 {[%clk 0:35:50]} Bf8 {[%clk 0:11:46]}
19.b3 {[%clk 0:28:06]} Rxe1 {[%clk 0:08:57]} 20.Rxe1 {[%clk 0:28:24]}
Re8 {[%clk 0:09:14]} 21.Rd1 {[%clk 0:27:37]} Qf7 {[%clk 0:08:18]}
22.a4 {[%clk 0:24:23]} c6 {[%clk 0:07:40]} 23.dxc6 {[%clk 0:21:29]}
bxc6 {[%clk 0:08:06]} 24.Qc3 {[%clk 0:20:32]} c5 {[%clk 0:05:40]}
25.a5 {[%clk 0:18:11]} Nd5 {[%clk 0:04:54]} 26.Qc4 {[%clk 0:13:03]}
Nb4 {[%clk 0:04:28]} 27.Qxf7+ {[%clk 0:12:42]} Kxf7 {[%clk 0:04:53]}
28.Bf4 {[%clk 0:08:35]} Re2 {[%clk 0:03:37]} 29.Rd2 {[%clk 0:08:58]}
Rxd2 {[%clk 0:03:35]} 30.Bxd2 {[%clk 0:07:47]} Be7 {[%clk 0:02:58]}
31.Bxb4 {[%clk 0:05:18]} cxb4 {[%clk 0:03:23]} 32.Kd2 {[%clk 0:05:40]}
Ke6 {[%clk 0:03:09]} 33.Nd4+ {[%clk 0:05:06]} Kd7 {[%clk 0:02:49]}
34.Kd3 {[%clk 0:05:21]} d5 {[%clk 0:02:51]} 35.a6 {[%clk 0:05:11]}
Bf8 {[%clk 0:01:41]} 36.Nb5 {[%clk 0:02:36]} Kc6 {[%clk 0:01:31]}
37.Nxa7+ {[%clk 0:02:30]} Kb6 {[%clk 0:01:00]} 38.Nb5 {[%clk 0:02:50]}
Kxa6 {[%clk 0:00:33]} 39.Nc7+ {[%clk 0:03:13]} Ka5 {[%clk 0:00:34]}
40.Ne6 {[%clk 0:33:00]} Bxh6 {[%clk 0:30:31]} 41.f4 {[%clk 0:30:45]}
Kb6 {[%clk 0:27:09]} 42.Kd4 {[%clk 0:29:59]} Kc6 {[%clk 0:27:36]}
43.Ke5 {[%clk 0:30:18]} Kd7 {[%clk 0:27:31]} 44.Kxd5 {[%clk 0:30:23]}
Ke7 {[%clk 0:27:46]} 45.Ke5 {[%clk 0:30:09]} Kf7 {[%clk 0:25:46]}
46.Kd6 {[%clk 0:21:42]} Kf6 {[%clk 0:23:15]} 47.Kd5 {[%clk 0:21:52]}
Kf7 {[%clk 0:15:35]} 48.g3 {[%clk 0:21:47]} Kf6 {[%clk 0:15:16]}
49.Kd6 {[%clk 0:17:47]} g5 {[%clk 0:15:13]} 50.Kd5 {[%clk 0:16:39]}
gxf4 {[%clk 0:15:16]} 51.gxf4 {[%clk 0:16:59]} Bg7 {[%clk 0:14:52]}
52.Ng5 {[%clk 0:12:23]} h5 {[%clk 0:13:24]} 53.Nh3 {[%clk 0:11:13]}
Kf7 {[%clk 0:10:50]} 54.Ng5+ {[%clk 0:11:05]} Kg6 {[%clk 0:09:07]}
55.Nf3 {[%clk 0:10:24]} Kf6 {[%clk 0:08:10]} 56.Kd4 {[%clk 0:09:52]}
Bf8 {[%clk 0:08:05]} 57.Ng5 {[%clk 0:09:42]} Bh6 {[%clk 0:07:29]}
58.Nh3 {[%clk 0:09:52]} Ke6 {[%clk 0:07:33]} 59.Kc4 {[%clk 0:09:00]}
Bf8 {[%clk 0:07:50]} 60.Ng5+ {[%clk 0:09:12]} Kf6 {[%clk 0:06:27]}
61.c3 {[%clk 0:09:27]} bxc3 {[%clk 0:06:38]} 62.Kxc3 {[%clk 0:09:56]}
Bd6 {[%clk 0:06:01]} 63.Nh3 {[%clk 0:10:20]} Ke6 {[%clk 0:05:39]}
64.Kc4 {[%clk 0:10:26]} Kd7 {[%clk 0:05:58]} 65.Kd5 {[%clk 0:08:57]}
h4 {[%clk 0:06:21]} 66.Kd4 {[%clk 0:06:44]} Kc6 {[%clk 0:06:27]}
67.Kc4 {[%clk 0:07:04]} Bc7 {[%clk 0:06:13]} 68.b4 {[%clk 0:07:07]}
Bd6 {[%clk 0:06:26]} 69.b5+ {[%clk 0:07:08]} Kb6 {[%clk 0:06:50]}
70.Kd5 {[%clk 0:07:16]} Bxf4 {[%clk 0:07:10]} 71.Nxf4 {[%clk 0:07:42]}
Kxb5 {[%clk 0:07:36]} 72.Ke5 1/2-1/2

[Event "Russian Women's Higher League 2021"]
[Site "?"]
[Date "2021.06.27"]
[Round "2.12"]
[White "Afonasieva, Anna"]
[Black "Khokhlova, Daria"]
[Result "1-0"]
[WhiteElo "2323"]
[BlackElo "2148"]
[Annotator ""]
[Source ""]
[Remark ""]

1.d4 {[%clk 1:30:59]} Nf6 {[%clk 1:30:57]} 2.Nf3 {[%clk 1:31:25]}
b6 {[%clk 1:31:26]} 3.Bf4 {[%clk 1:31:03]} g6 {[%clk 1:31:41]}
4.e3 {[%clk 1:31:23]} Bg7 {[%clk 1:32:04]} 5.Be2 {[%clk 1:31:39]}
Bb7 {[%clk 1:32:28]} 6.O-O {[%clk 1:32:04]} O-O {[%clk 1:32:54]}
7.h3 {[%clk 1:32:30]} d6 {[%clk 1:33:13]} 8.c4 {[%clk 1:32:42]}
Nbd7 {[%clk 1:33:13]} 9.Nc3 {[%clk 1:33:05]} Ne4 {[%clk 1:32:02]}
10.Rc1 {[%clk 1:33:08]} Nxc3 {[%clk 1:27:37]} 11.Rxc3 {[%clk 1:29:50]}
c5 {[%clk 1:27:18]} 12.Rc1 {[%clk 1:29:02]} Rc8 {[%clk 1:22:26]}
13.Bh2 {[%clk 1:24:47]} Rc7 {[%clk 1:20:10]} 14.b3 {[%clk 1:21:29]}
Qa8 {[%clk 1:16:20]} 15.Ne1 {[%clk 1:17:02]} Rcc8 {[%clk 1:10:04]}
16.d5 {[%clk 1:11:23]} b5 {[%clk 1:06:22]} 17.e4 {[%clk 1:07:58]}
a5 {[%clk 0:50:56]} 18.cxb5 {[%clk 1:05:28]} a4 {[%clk 0:47:57]}
19.Bf4 {[%clk 1:02:23]} f5 {[%clk 0:40:47]} 20.Bg5 {[%clk 0:58:59]}
axb3 {[%clk 0:38:47]} 21.axb3 {[%clk 0:58:08]} Rce8 {[%clk 0:29:00]}
22.f3 {[%clk 0:53:58]} h6 {[%clk 0:25:48]} 23.Be3 {[%clk 0:50:20]}
Nf6 {[%clk 0:23:50]} 24.Qc2 {[%clk 0:47:19]} e6 {[%clk 0:23:31]}
25.Bf4 {[%clk 0:42:49]} Qd8 {[%clk 0:20:24]} 26.Rd1 {[%clk 0:37:51]}
fxe4 {[%clk 0:17:36]} 27.fxe4 {[%clk 0:37:17]} exd5 {[%clk 0:17:38]}
28.exd5 {[%clk 0:37:05]} g5 {[%clk 0:15:09]} 29.Bc1 {[%clk 0:35:52]}
Ne4 {[%clk 0:10:24]} 30.Rxf8+ Kxf8 {[%clk 0:10:14]} 31.Bh5 {[%clk 0:24:21]}
Re5 {[%clk 0:08:32]} 32.Bb2 {[%clk 0:21:25]} c4 {[%clk 0:05:17]}
33.bxc4 {[%clk 0:15:49]} Qc7 {[%clk 0:01:02]} 34.Bxe5 {[%clk 0:12:04]}
Qc5+ {[%clk 0:01:21]} 35.Kf1 {[%clk 0:12:18]} Qe3 {[%clk 0:00:43]}
36.Bf3 {[%clk 0:12:24]} 1-0

[Event "Russian Women's Higher League 2021"]
[Site "?"]
[Date "2021.06.27"]
[Round "2.13"]
[White "Kovanova, Baira"]
[Black "Izbekova, Evdokia"]
[Result "1-0"]
[WhiteElo "2318"]
[BlackElo "1757"]
[Annotator ""]
[Source ""]
[Remark ""]

1.Nf3 {[%clk 1:30:58]} Nf6 {[%clk 1:30:55]} 2.c4 {[%clk 1:31:25]}
e6 {[%clk 1:31:20]} 3.g3 {[%clk 1:31:47]} d5 {[%clk 1:31:32]}
4.Bg2 {[%clk 1:31:55]} dxc4 {[%clk 1:31:32]} 5.Qc2 {[%clk 1:31:33]}
Nbd7 {[%clk 1:31:06]} 6.Qxc4 {[%clk 1:31:24]} Rb8 {[%clk 1:28:23]}
7.Nc3 {[%clk 1:29:05]} a6 {[%clk 1:27:50]} 8.a4 {[%clk 1:28:43]}
Nb6 {[%clk 1:27:32]} 9.Qb3 {[%clk 1:28:26]} Nbd5 {[%clk 1:25:08]}
10.Ne5 {[%clk 1:26:14]} Bc5 {[%clk 1:24:20]} 11.O-O {[%clk 1:21:38]}
Qd6 {[%clk 1:21:50]} 12.Nc4 {[%clk 1:17:40]} Qe7 {[%clk 1:18:51]}
13.e3 {[%clk 1:16:42]} O-O {[%clk 1:16:39]} 14.d4 {[%clk 1:17:02]}
Bb4 {[%clk 1:16:11]} 15.e4 {[%clk 1:17:19]} Nb6 {[%clk 1:12:23]}
16.Nxb6 {[%clk 1:02:41]} cxb6 {[%clk 1:12:49]} 17.e5 {[%clk 1:01:14]}
Ne8 {[%clk 1:12:18]} 18.Na2 {[%clk 0:52:58]} Ba5 {[%clk 1:12:17]}
19.Qd3 {[%clk 0:53:02]} b5 {[%clk 1:06:31]} 20.axb5 {[%clk 0:52:43]}
axb5 {[%clk 1:06:28]} 21.Qxb5 {[%clk 0:52:37]} Qd8 {[%clk 1:05:53]}
22.Nc3 {[%clk 0:51:06]} Bb6 {[%clk 1:05:42]} 23.Rd1 {[%clk 0:47:53]}
Bd7 {[%clk 1:04:02]} 24.Qb3 {[%clk 0:47:51]} Bc6 {[%clk 0:59:46]}
25.d5 {[%clk 0:47:20]} exd5 {[%clk 1:00:01]} 26.Nxd5 {[%clk 0:47:27]}
Bxd5 {[%clk 0:59:55]} 27.Rxd5 {[%clk 0:47:52]} Qc7 {[%clk 0:59:54]}
28.Bf4 {[%clk 0:47:27]} g5 {[%clk 0:55:48]} 29.Bxg5 {[%clk 0:45:58]}
Ng7 {[%clk 0:56:13]} 30.Rc1 {[%clk 0:46:06]} 1-0

[Event "Russian Women's Higher League 2021"]
[Site "?"]
[Date "2021.06.27"]
[Round "2.14"]
[White "Miroshnik, Ekaterina"]
[Black "Protopopova, Anastasiya"]
[Result "0-1"]
[WhiteElo "2234"]
[BlackElo "2286"]
[Annotator ""]
[Source ""]
[Remark ""]

1.d4 {[%clk 1:30:58]} Nf6 {[%clk 1:30:51]} 2.Nf3 {[%clk 1:31:22]}
b6 {[%clk 1:31:03]} 3.Bg5 {[%clk 1:31:33]} Bb7 {[%clk 1:19:07]}
4.e3 {[%clk 1:30:46]} Ne4 {[%clk 1:12:17]} 5.Bf4 {[%clk 1:30:28]}
d5 {[%clk 1:09:43]} 6.Bd3 {[%clk 1:29:59]} e6 {[%clk 1:07:49]}
7.h3 {[%clk 1:29:08]} Bd6 {[%clk 1:06:04]} 8.Bxd6 {[%clk 1:24:12]}
cxd6 {[%clk 1:05:53]} 9.a4 {[%clk 1:20:09]} O-O {[%clk 1:05:09]}
10.Nbd2 {[%clk 1:17:47]} Nd7 {[%clk 0:54:41]} 11.a5 {[%clk 1:13:19]}
e5 {[%clk 0:47:58]} 12.Be2 {[%clk 1:07:43]} f5 {[%clk 0:35:53]}
13.O-O {[%clk 0:45:36]} Nxd2 {[%clk 0:32:50]} 14.Qxd2 {[%clk 0:40:55]}
e4 {[%clk 0:32:51]} 15.Ne1 {[%clk 0:40:27]} Qg5 {[%clk 0:27:39]}
16.Bb5 {[%clk 0:32:05]} Nf6 {[%clk 0:27:03]} 17.a6 {[%clk 0:25:09]}
Bc8 {[%clk 0:27:28]} 18.Bc6 {[%clk 0:24:52]} Rb8 {[%clk 0:27:43]}
19.Qb4 {[%clk 0:16:49]} f4 {[%clk 0:17:56]} 20.Qxd6 {[%clk 0:11:37]}
fxe3 {[%clk 0:18:19]} 21.f4 {[%clk 0:09:47]} Qg6 {[%clk 0:04:50]}
22.Qxb8 {[%clk 0:06:02]} Bxa6 {[%clk 0:04:43]} 23.f5 {[%clk 0:04:03]}
Qh5 {[%clk 0:01:32]} 24.Qf4 {[%clk 0:02:59]} Bxf1 {[%clk 0:01:24]}
25.Qxf1 {[%clk 0:03:15]} Qg5 {[%clk 0:01:29]} 26.Rxa7 {[%clk 0:02:25]}
g6 {[%clk 0:01:46]} 27.Ra8 {[%clk 0:00:43]} Rxa8 {[%clk 0:01:58]}
28.Bxa8 {[%clk 0:01:12]} gxf5 {[%clk 0:02:22]} 29.c4 {[%clk 0:00:55]}
f4 {[%clk 0:02:02]} 30.Bxd5+ {[%clk 0:00:53]} Kg7 {[%clk 0:00:38]}
31.Qe2 {[%clk 0:00:41]} h5 {[%clk 0:00:45]} 32.Kh1 {[%clk 0:00:34]}
Qg3 {[%clk 0:00:40]} 33.Kg1 {[%clk 0:00:47]} Qg5 {[%clk 0:00:39]}
34.Be6 {[%clk 0:00:41]} Qa5 {[%clk 0:00:35]} 35.d5 {[%clk 0:00:35]}
Qd2 {[%clk 0:00:50]} 36.Kf1 {[%clk 0:00:57]} h4 {[%clk 0:00:49]}
37.Bg4 {[%clk 0:01:15]} Qd4 {[%clk 0:01:00]} 38.Qc2 {[%clk 0:00:35]}
Nxg4 {[%clk 0:01:04]} 39.hxg4 {[%clk 0:01:02]} Qd2 {[%clk 0:01:28]}
40.Qxd2 {[%clk 0:30:37]} exd2 {[%clk 0:31:53]} 41.Ke2 {[%clk 0:31:06]}
dxe1Q+ {[%clk 0:22:55]} 42.Kxe1 {[%clk 0:30:14]} f3 {[%clk 0:22:55]}
43.Kf2 {[%clk 0:15:15]} fxg2 {[%clk 0:22:49]} 44.d6 {[%clk 0:15:25]}
Kf8 {[%clk 0:20:49]} 45.Kxg2 {[%clk 0:14:54]} e3 {[%clk 0:21:10]}
46.g5 {[%clk 0:15:19]} h3+ {[%clk 0:20:16]} 0-1

[Event "Russian Women's Higher League 2021"]
[Site "?"]
[Date "2021.06.27"]
[Round "2.15"]
[White "Mikheeva, Galina"]
[Black "Murashova, Ekaterina"]
[Result "1-0"]
[WhiteElo "1838"]
[BlackElo "2214"]
[Annotator ""]
[Source ""]
[Remark ""]

1.d4 {[%clk 1:30:56]} d5 {[%clk 1:30:49]} 2.Bf4 {[%clk 1:31:21]}
c5 {[%clk 1:31:08]} 3.e3 {[%clk 1:31:18]} Nf6 {[%clk 1:31:23]}
4.Nc3 {[%clk 1:30:40]} a6 {[%clk 1:24:01]} 5.dxc5 {[%clk 1:28:09]}
Qa5 {[%clk 1:13:55]} 6.Qd2 {[%clk 1:27:50]} e6 {[%clk 1:08:07]}
7.Nf3 {[%clk 1:16:49]} Bxc5 {[%clk 1:07:24]} 8.Bd3 {[%clk 1:16:19]}
Nc6 {[%clk 1:04:12]} 9.O-O {[%clk 1:14:47]} O-O {[%clk 1:01:48]}
10.a3 {[%clk 1:10:01]} Qd8 {[%clk 0:59:05]} 11.e4 {[%clk 1:06:44]}
d4 {[%clk 0:45:26]} 12.Ne2 {[%clk 1:05:51]} Qe7 {[%clk 0:44:13]}
13.Ng3 {[%clk 0:55:20]} e5 {[%clk 0:37:34]} 14.Bg5 {[%clk 0:55:04]}
h6 {[%clk 0:29:22]} 15.Bh4 {[%clk 0:53:52]} Qd6 {[%clk 0:29:41]}
16.h3 {[%clk 0:39:25]} Ne7 {[%clk 0:25:32]} 17.b4 {[%clk 0:33:00]}
Bb6 {[%clk 0:25:54]} 18.Bxf6 {[%clk 0:33:14]} Qxf6 {[%clk 0:26:03]}
19.Be2 {[%clk 0:33:06]} Rd8 {[%clk 0:21:36]} 20.Ne1 {[%clk 0:29:10]}
Ng6 {[%clk 0:18:39]} 21.Nd3 {[%clk 0:28:17]} Bd7 {[%clk 0:16:43]}
22.Kh1 {[%clk 0:15:48]} Rac8 {[%clk 0:16:38]} 23.a4 {[%clk 0:12:46]}
Rc3 {[%clk 0:15:36]} 24.Bd1 {[%clk 0:10:09]} Qh4 {[%clk 0:11:24]}
25.Kg1 {[%clk 0:06:45]} Bxh3 {[%clk 0:06:58]} 26.gxh3 {[%clk 0:06:11]}
Qxh3 {[%clk 0:07:26]} 27.Bf3 {[%clk 0:03:25]} Nh4 {[%clk 0:07:54]}
28.Bh1 {[%clk 0:02:45]} Rd6 {[%clk 0:08:07]} 29.Rfb1 {[%clk 0:02:39]}
Rg6 {[%clk 0:06:46]} 30.b5 {[%clk 0:01:43]} a5 {[%clk 0:06:16]}
31.Qe2 {[%clk 0:01:53]} f5 {[%clk 0:02:08]} 32.exf5 {[%clk 0:02:08]}
Nxf5 {[%clk 0:02:30]} 33.Bd5+ {[%clk 0:02:15]} Kh7 {[%clk 0:01:26]}
34.Be4 {[%clk 0:02:01]} h5 {[%clk 0:01:53]} 35.Bxf5 {[%clk 0:01:52]}
Qxf5 {[%clk 0:02:14]} 36.Kh2 {[%clk 0:02:18]} Qg5 {[%clk 0:01:35]}
37.Qxe5 {[%clk 0:02:00]} Qh4+ {[%clk 0:01:53]} 38.Kg2 {[%clk 0:02:22]}
Bc7 {[%clk 0:02:05]} 39.Rh1 {[%clk 0:01:26]} Qxh1+ {[%clk 0:01:15]}
40.Rxh1 {[%clk 0:31:54]} Bxe5 {[%clk 0:31:41]} 41.Rxh5+ {[%clk 0:32:06]}
Rh6 {[%clk 0:30:28]} 42.Rxe5 {[%clk 0:31:15]} Rxc2 {[%clk 0:29:42]}
43.Re7 {[%clk 0:27:42]} Rc3 {[%clk 0:22:05]} 44.Nf4 {[%clk 0:27:19]}
d3 {[%clk 0:15:55]} 45.Ne4 {[%clk 0:20:31]} Rh4 {[%clk 0:11:55]}
46.Nxc3 {[%clk 0:19:42]} Rxf4 {[%clk 0:12:21]} 47.Rd7 {[%clk 0:20:05]}
Rc4 {[%clk 0:09:25]} 48.Rxd3 {[%clk 0:20:30]} Kg6 {[%clk 0:09:53]}
49.Kf3 {[%clk 0:20:40]} Kf5 {[%clk 0:10:18]} 50.Ke3 {[%clk 0:20:48]}
Ke5 {[%clk 0:10:19]} 51.f4+ {[%clk 0:16:40]} Ke6 {[%clk 0:10:44]}
52.Ne4 {[%clk 0:16:59]} b6 {[%clk 0:10:48]} 53.Rd4 {[%clk 0:16:44]} 1-0